MARC

LEADER 00000nam0a2200000 4500
001 286450
005 20250423135514.0
035 |a (RuTPU)RU\TPU\book\310762 
035 |a RU\TPU\book\118008 
090 |a 286450 
100 |a 20150305d1984 k y0rusy5003 ca 
101 0 |a rus 
102 |a RU 
105 |a a z 001zy 
200 1 |a Изотопный возраст горных пород и его геологическая интерпретация  |e сборник научных статей  |f Всесоюзный научно-исследовательский геологический институт (ВСЕГЕИ) ; под ред. Г. А. Муриной 
210 |a Ленинград  |c Изд-во ВСЕГЕИ  |d 1984 
215 |a 96 с.  |c ил. 
225 1 |a Труды. Новая серия  |v Т. 328 
320 |a Библиография в конце статей 
500 1 0 |a Труды Всесоюзного научно-исследовательского геологического института  |9 88882 
606 |a Изотопная геология  |2 stltpush  |3 (RuTPU)RU\TPU\subj\12340  |9 39143 
610 1 |a калий-аргоновая геохронология 
610 1 |a катионный обмен 
610 1 |a влияние 
610 1 |a выветривание 
610 1 |a термоионизация 
610 1 |a кислотная обработка 
610 1 |a применение 
610 1 |a уран 
610 1 |a распределение 
610 1 |a железистые кварциты 
610 1 |a БАМ 
675 |a 550.93  |v 3 
702 1 |a Мурина  |b Г. А.  |4 340 
712 0 2 |a Всесоюзный научно-исследовательский геологический институт (ВСЕГЕИ)  |c (Ленинград)  |c (1939-1991)  |3 (RuTPU)RU\TPU\col\11367 
801 0 |a RU  |b RuMRKP  |c 19950704  |g psbo 
801 1 |a RU  |b 63413507  |c 20070207  |g PSBO 
801 2 |a RU  |b 63413507  |c 20180222  |g PSBO 
850 |a 63413507 
942 |c CR